| 000 | 01200cam a2200361 a 4500 | ||
|---|---|---|---|
| 999 |
_c7509 _d7509 |
||
| 001 | 991043636849706706 | ||
| 003 | OSt | ||
| 005 | 20211209121633.0 | ||
| 008 | 120525s2012 spc|||||| 000 ||spa|c | ||
| 015 |
_aLL2012 _2bnc |
||
| 017 |
_aDL B. 5591-2012 _bBiblioteca de Catalunya |
||
| 020 | _a9788499921433 | ||
| 035 | _a(ES-BaCBU)b52781483-34csuc_network | ||
| 035 | _a(ES-BaCBU).b52781483 | ||
| 035 | _a(ccuc001)b52781483 | ||
| 035 | _a(OCoLC)928958163 | ||
| 040 |
_aES-BaCBU _bcat _cCDMR _dES-BaBC |
||
| 043 | _ae-sp--- | ||
| 080 | _a860-92"19" | ||
| 100 | 1 | _aSegurola, Santiago. | |
| 245 | 1 | 0 |
_aHéroes de nuestro tiempo : _b25 años de periodismo deportivo / _cSantiago Segurola ; antología de Pedro Cifuentes y Pablo Martínez-Arroyo |
| 260 |
_aBarcelona : _bDebate, _c2012 |
||
| 300 |
_a488 p. ; _c24 cm |
||
| 490 | 1 | _aPeriodismo | |
| 650 | 0 |
_aPremsa esportiva _zEspanya _xHistòria. _2lemac _91696 |
|
| 700 | 1 | _aCifuentes, Pedro, | |
| 700 | 1 | _aMartínez-Arroyo, Pablo, | |
| 830 | 0 | _aPeriodismo (Editorial Debate) | |
| 907 |
_a.b52781483 _b18-06-21 _c25-05-12 _d13-07-12 _em _fa _g- _hspa _ispc _j0 _k0 |
||
| 908 |
_aUAO _aUAB _aBC _aUJI _aUPF _aUB |
||
| 940 | _aBC | ||
| 942 |
_2udc _cMON |
||